000
00259pab a2200109 454500
008
180718b xxu||||| |||| 00| 0 eng d
100
_a
Thiruchelvam, Neelam
245
_a
Development & human rights
650
_a
Civil Liberties
773
_a
Hindu
909
_a
24027
999
_c
24027
_d
24027